000 00766nam a2200181Ia 4500
008 100917s9999 xx 000 0 und d
082 _b48028
100 _aदारव्हेकर पुरूषोत्तम
245 _aसहर्ष सादर करीत आहो नाटक नवे गोंधळ जुनाच
260 _bचंद्रकांत प्रकाशन
_c---
300 _a24
365 _b0.75
520 _aनाटक
630 _aसहर्ष सादर करीत आहो नाटक नवे गोंधळ जुनाच
650 _aनाटक
730 _aसहर्ष सादर करीत आहो नाटक नवे गोंधळ जुनाच
942 _cBOOK
999 _c653422
_d653419